| 000 | 00567nam a2200181 u 4500 | ||
|---|---|---|---|
| 001 | 000589603 | ||
| 003 | AM-YeHGA | ||
| 005 | 20250617141513.0 | ||
| 008 | 080704s1972 ||| r 000 0 rus d | ||
| 040 | _aAM-YeHGA | ||
| 041 | 1 |
_arus _huzb |
|
| 100 | 1 | _aУмарбеков, Ульмас Рахимбетович | |
| 245 | 1 | 0 |
_aПовести и рассказы / _cУльмас Умарбеков. |
| 260 |
_aТашкент : _bЁш гвардия, _c1972. |
||
| 300 |
_a231 с. : _bил. |
||
| 653 | 0 | _aУзбекская литература | |
| 090 | _c241584 | ||
| 999 |
_c240009 _d240009 |
||